Utopías construidas : (Registro nro. 21820)

Detalles MARC
000 -Cabecera
Campo de control interno 00975nam a2200265Ia 4500
005 - Fecha y hora del registro
control field 20260320113315.0
008 - Elementos de Longitud Fija
fixed length control field 260320s9999||||xx |||||||||||||| ||und||
020 ## - ISBN
ISBN 9786123170769
041 ## - Idioma
Codigo Idioma ESP
082 ## - DEWEY y NOTACIÓN INTERNA
Dewey 711.09852
Notación Interna K16
100 ## - AUTOR
Autor denominación Kahatt, Sharif S.,
Término de relación autor
245 #0 - TÍTULO DE MATERIAL BIBLIOGRÁFICO
Título Utopías construidas :
Título paralelo las unidades vecinales de Lima
246 ## - TÍTULO TRADUCIDO
Título
Título paralelo
Autor
250 ## - EDICIÓN
Edición Primera edición, segunda reimpresión
260 ## - CIUDAD, EDITORIAL, AÑO
Ciudad Lima :
Nombre de la Editorial Fondo Editorial de la Pontificia Universidad Católica del Perú,
Año 2019
300 ## - DESCRIPCIÓN
N° Páginas 518 páginas :
Otros detalles fotografías, planos, diagramas ;
Dimensiones 24 cm.
Material Adicional
440 ## - MENCIÓN DE SERIE
Título de la Serie
Número de Serie
Volumen de Serie
650 ## - TEMAS
Temas Las Artes
653 ## - DESCRIPTORES
Lenguajes no controlado Urbanismo - Lima (Perú) - 1945-1975; Espacio (Arquitectura) - Lima (Perú); Política de vivienda - Lima (Perú)
654 ## - PROGRAMAS
Programa Dpto. Arquitectura y Urbanismo
700 ## - OTROS AUTORES
Otros autores
Títulos y otras palabras asociadas con el nombre
856 ## - URL - UBICACIÓN
URI/URL: Enlace exacto del recurso <a href="https://www-architectureopenlibrary-com.ucsp.lookproxy.com/">https://www-architectureopenlibrary-com.ucsp.lookproxy.com/</a>
Nota pública: Versión digital <a href="Véase además: Base de datos Architecture Open Library">Véase además: Base de datos Architecture Open Library</a>
942 ## - ELEMENTOS DE KOHA
Tipo de documento Libro
Nombre del creador Justo Noguera
Código de catalogador Margarita Torres
Esquema de clasificación Dewey Decimal Classification
Suppress in OPAC
Existencias
Codigo completo Registro Colección Copia número Disponibilidad Tipo de préstamo Biblioteca Actual Procedencia (Biblioteca) Ubicacón Fecha Ingreso Tipo de Adquisición Observación Date last seen Total checkouts Price effective from Tipo de Item Estado del Material Fuente de Clasificación Damaged status Withdrawn status
711.09852 K16 1085519 Universidad Católica San Pablo 1 Disponible Disponible Víctor Andrés Belaunde Víctor Andrés Belaunde Segundo piso 10/03/2026 Compra Arquiectura 20/03/2026   20/03/2026 Libro Bueno Dewey Decimal Classification